000 00369cam a22001217a 4500
008 180718b1986 xxu||||| |||| 00| 0 eng d
082 _aXA Un3 pr
245 _aProject information report
_cBy UNCHS
260 _aNairobi
_bUNCHS
_c1986
300 _a148p
650 _aHuman settlements -- Periodicals
650 _aUnited Nations Centre for Human Setlements -- Periodicals
999 _c412413
_d412413